| 000 | 00422nam a2200157Ia 4500 | ||
|---|---|---|---|
| 008 | 160316s1989 xxu||||| |||| 00| 0 eng d | ||
| 082 |
_a343.055000 _bMEH |
||
| 100 | _aMehta K R | ||
| 245 | _aA complete guide to modvat : Including credit of money scheme | ||
| 250 | _a | ||
| 260 |
_aNew Delhi _bCen-Cus Publications _c1989 |
||
| 300 |
_a23.14 _b _cxi |
||
| 365 | _bRs.390 | ||
| 650 | _a1.Tax Law - Modvat | ||
| 700 |
_a _a |
||
| 999 |
_c13419 _d13419 |
||